00395nam a2200133Ia 450000500170000000800410001702000180005808200130007624500560008926000560014530000130020165000180021470000290023220250411021521.0240331s9999 xx 000 0 und d a9789551274665 bSELa891 0aSanhidiyawa sandahaa liviima :b write to reconcile aColombob National Peace Council of Sri Lankac2014 a375 p ., aShort Stories aSelvadorai, Shyam. eedt